00629nam a2200241 a 4500001001300000003000900013005001700022008004100039020001000080082001500090100001600105245002200121260002800143300000900171500003500180505001300215650001700228700001600245902000800261942000700269952009600276999001500372nice12345678IN_TiNIC20260116012619.0050524s1839 newa grp 000 0 eng  ac10000a220.1bCLA aClark, Adam aSacred Literature aNew YorkbT Masonc1839 a420p aincludes index and biblioraphy2 aAppendix aBible-Origin1 aClark, Adam bSRS cBK 00104070aHMIbHMId2007-07-31g100.00l0o220.1 CLAp12153r2007-07-31w2026-01-16yARB c7677d7677